<?xml version="1.0" encoding="UTF-8"?>
<record
    xmlns:xsi="http://www.w3.org/2001/XMLSchema-instance"
    xsi:schemaLocation="http://www.loc.gov/MARC21/slim http://www.loc.gov/standards/marcxml/schema/MARC21slim.xsd"
    xmlns="http://www.loc.gov/MARC21/slim">

  <leader>01117nam a2200145 a 4500</leader>
  <controlfield tag="001">000046067</controlfield>
  <controlfield tag="005">20201002052621.0</controlfield>
  <controlfield tag="008">150617s1982    dr            000 0 spa d</controlfield>
  <datafield tag="040" ind1=" " ind2=" ">
    <subfield code="a">DO-SdBNP</subfield>
    <subfield code="b">spa</subfield>
    <subfield code="c">BNPHU</subfield>
  </datafield>
  <datafield tag="245" ind1="0" ind2="0">
    <subfield code="a">Programa de gobierno 1981-1984 /</subfield>
    <subfield code="c">introducci&#xF3;n J&#xF3;se Joaqu&#xED;n Bid&#xF3; Medina.</subfield>
  </datafield>
  <datafield tag="260" ind1=" " ind2=" ">
    <subfield code="a">Santo Domingo :</subfield>
    <subfield code="b">Consejo Universitario,</subfield>
    <subfield code="c">1982.</subfield>
  </datafield>
  <datafield tag="300" ind1=" " ind2=" ">
    <subfield code="a">21 p. ;</subfield>
    <subfield code="c">21 cm.</subfield>
  </datafield>
  <datafield tag="505" ind1="0" ind2=" ">
    <subfield code="a">Lineamiento generales de pol&#xED;tcas curriculares-docencia -- Lineamiento generales de pol&#xED;tcas curriculares- investigaci&#xF3;n -- Lineamiento generales de pol&#xED;tcas curriculares-Extensi&#xF3;n -- Lineamiento generales de pol&#xED;tcas curriculares-gobierno -- Lineamiento generales de pol&#xED;tcas curriculares-administrativas -- Lineamiento generales de pol&#xED;tcas curriculares-bienestar --Lineamiento generales de pol&#xED;tcas curriculares-estructura -- Lineamiento generales de pol&#xED;tcas curriculares- financiamiento -- El programa de gobierno de las presentes autoridades de la UASD para el trienio 1981-84 fue aprobado mediante las resoluciones siguiente no. 91, no. 119</subfield>
  </datafield>
  <datafield tag="700" ind1="1" ind2="2">
    <subfield code="a">Bid&#xF3; Medina, J&#xF3;se Joaqu&#xED;n</subfield>
    <subfield code="e">intr.</subfield>
    <subfield code="9">10374</subfield>
  </datafield>
  <datafield tag="952" ind1=" " ind2=" ">
    <subfield code="0">0</subfield>
    <subfield code="1">0</subfield>
    <subfield code="7">1</subfield>
    <subfield code="8">PD</subfield>
    <subfield code="a">PD</subfield>
    <subfield code="b">PD</subfield>
    <subfield code="c">HD</subfield>
    <subfield code="d">2015-06-17</subfield>
    <subfield code="i">LF1</subfield>
    <subfield code="l">0</subfield>
    <subfield code="o"> </subfield>
    <subfield code="p">46067-10</subfield>
    <subfield code="r">2020-06-25</subfield>
    <subfield code="w">2020-06-25</subfield>
    <subfield code="y">LFPD</subfield>
    <subfield code="Z">No se presta</subfield>
  </datafield>
  <datafield tag="999" ind1=" " ind2=" ">
    <subfield code="c">45556</subfield>
    <subfield code="d">45556</subfield>
  </datafield>
</record>
